000 00610nac a2200217 a 4500
003 Co-PeBPM
005 20241204163934.0
008 241204e2020 |||||||| |||| 00| 0 spa d
020 _a9789584915696
040 0 _aCo-PeBPM
_bspa
_cCo-PeBPM
_erda
041 0 _aspa
082 0 4 _aCo864 H117n
100 1 _aRamón Hache
_eautor
245 1 0 _aNueve mujeres
_c/ Ramón Hache
260 _aMedellín, Colombia
_b: Piélago ediciones
_c, 2020
300 _a242 páginas
_c; 24 centímetros
500 _aIncluye índice
650 1 4 _2LEMB
_aLiteratura Colombiana
650 1 4 _2LEMB
_aMujeres
942 _2ddc
_cBK
_n0
999 _c60410
_d60410